<?xml version="1.0" encoding="UTF-8"?>
<record
    xmlns:xsi="http://www.w3.org/2001/XMLSchema-instance"
    xsi:schemaLocation="http://www.loc.gov/MARC21/slim http://www.loc.gov/standards/marcxml/schema/MARC21slim.xsd"
    xmlns="http://www.loc.gov/MARC21/slim">

  <leader>01337nam0a22002411  4500</leader>
  <controlfield tag="001">rc\72327</controlfield>
  <controlfield tag="005">20260406115641.0</controlfield>
  <datafield tag="035" ind1=" " ind2=" ">
    <subfield code="a">(NLR Aleph) 005344731</subfield>
  </datafield>
  <datafield tag="090" ind1=" " ind2=" ">
    <subfield code="a">6731772</subfield>
    <subfield code="c">6731772</subfield>
  </datafield>
  <datafield tag="100" ind1=" " ind2=" ">
    <subfield code="a">20021216d1994    |||y0rusy50      ca</subfield>
  </datafield>
  <datafield tag="101" ind1="0" ind2=" ">
    <subfield code="a">rus</subfield>
  </datafield>
  <datafield tag="102" ind1=" " ind2=" ">
    <subfield code="a">RU</subfield>
  </datafield>
  <datafield tag="105" ind1=" " ind2=" ">
    <subfield code="a">a   |||||||||</subfield>
  </datafield>
  <datafield tag="200" ind1="1" ind2=" ">
    <subfield code="a">&#x421;&#x411;&#x41E;&#x420;&#x41D;&#x418;&#x41A; &#x437;&#x430;&#x434;&#x430;&#x447; &#x43F;&#x43E; &#x43A;&#x443;&#x440;&#x441;&#x443; "&#x421;&#x43E;&#x43F;&#x440;&#x43E;&#x442;&#x438;&#x432;&#x43B;&#x435;&#x43D;&#x438;&#x435; &#x43C;&#x430;&#x442;&#x435;&#x440;&#x438;&#x430;&#x43B;&#x43E;&#x432;"</subfield>
    <subfield code="f">[&#x421;&#x43E;&#x441;&#x442;. &#x411;&#x44B;&#x43A;&#x43E;&#x432; &#x41B;.&#x418;., &#x43F;&#x440;&#x43E;&#x444;., &#x434;. &#x442;. &#x43D;., &#x41F;&#x43E;&#x43F;&#x435;&#x43D;&#x43E;&#x432; &#x410;.&#x418;., &#x421;&#x442;&#x435;&#x43F;&#x430;&#x43D;&#x43E;&#x432; &#x41A;.&#x412;. - &#x434;&#x43E;&#x446;&#x435;&#x43D;&#x442;&#x44B;, &#x43A;&#x430;&#x43D;&#x434;&#x438;&#x434;&#x430;&#x442;&#x44B; &#x442;&#x435;&#x445;&#x43D;. &#x43D;&#x430;&#x443;&#x43A;]</subfield>
    <subfield code="g">&#x413;&#x43E;&#x441;. &#x43A;&#x43E;&#x43C;. &#x420;&#x43E;&#x441;. &#x424;&#x435;&#x434;&#x435;&#x440;&#x430;&#x446;&#x438;&#x438; &#x43F;&#x43E; &#x432;&#x44B;&#x441;&#x448;. &#x43E;&#x431;&#x440;&#x430;&#x437;&#x43E;&#x432;&#x430;&#x43D;&#x438;&#x44E;. &#x423;&#x444;&#x438;&#x43C;. &#x433;&#x43E;&#x441;. &#x43D;&#x435;&#x444;&#x442;. &#x442;&#x435;&#x445;&#x43D;. &#x443;&#x43D;-&#x442;. &#x41A;&#x430;&#x444;. &#x441;&#x43E;&#x43F;&#x440;&#x43E;&#x442;&#x438;&#x432;&#x43B;&#x435;&#x43D;&#x438;&#x44F; &#x43C;&#x430;&#x442;&#x435;&#x440;&#x438;&#x430;&#x43B;&#x43E;&#x432; &#x438; &#x441;&#x442;&#x440;&#x43E;&#x438;&#x442;. &#x442;&#x435;&#x445;&#x43D;&#x438;&#x43A;&#x438;</subfield>
  </datafield>
  <datafield tag="210" ind1=" " ind2=" ">
    <subfield code="a">&#x423;&#x444;&#x430;</subfield>
    <subfield code="c">&#x423;&#x444;&#x438;&#x43C;. &#x433;&#x43E;&#x441;. &#x43D;&#x435;&#x444;&#x442;. &#x442;&#x435;&#x445;&#x43D;. &#x443;&#x43D;-&#x442;</subfield>
    <subfield code="d">1994</subfield>
  </datafield>
  <datafield tag="215" ind1=" " ind2=" ">
    <subfield code="a">148 &#x441;.</subfield>
    <subfield code="c">&#x438;&#x43B;.</subfield>
    <subfield code="d">20</subfield>
  </datafield>
  <datafield tag="702" ind1=" " ind2="1">
    <subfield code="a">&#x411;&#x44B;&#x43A;&#x43E;&#x432;</subfield>
    <subfield code="b">&#x41B;.&#x418;.</subfield>
    <subfield code="g">&#x41B;&#x435;&#x43E;&#x43D;&#x438;&#x434; &#x418;&#x432;&#x430;&#x43D;&#x43E;&#x432;&#x438;&#x447;</subfield>
    <subfield code="4">220</subfield>
  </datafield>
  <datafield tag="712" ind1="0" ind2="2">
    <subfield code="a">&#x423;&#x444;&#x438;&#x43C;&#x441;&#x43A;&#x438;&#x439; &#x433;&#x43E;&#x441;&#x443;&#x434;&#x430;&#x440;&#x441;&#x442;&#x432;&#x435;&#x43D;&#x43D;&#x44B;&#x439; &#x43D;&#x435;&#x444;&#x442;&#x44F;&#x43D;&#x43E;&#x439; &#x442;&#x435;&#x445;&#x43D;&#x438;&#x447;&#x435;&#x441;&#x43A;&#x438;&#x439; &#x443;&#x43D;&#x438;&#x432;&#x435;&#x440;&#x441;&#x438;&#x442;&#x435;&#x442;</subfield>
    <subfield code="b">&#x41A;&#x430;&#x444;&#x435;&#x434;&#x440;&#x430; &#x441;&#x43E;&#x43F;&#x440;&#x43E;&#x442;&#x438;&#x432;&#x43B;&#x435;&#x43D;&#x438;&#x44F; &#x43C;&#x430;&#x442;&#x435;&#x440;&#x438;&#x430;&#x43B;&#x43E;&#x432; &#x438; &#x441;&#x442;&#x440;&#x43E;&#x438;&#x442;&#x435;&#x43B;&#x44C;&#x43D;&#x43E;&#x439; &#x442;&#x435;&#x445;&#x43D;&#x438;&#x43A;&#x438;</subfield>
    <subfield code="3">RU\NLR\AUTH\8811916</subfield>
    <subfield code="9">296523</subfield>
  </datafield>
  <datafield tag="801" ind1=" " ind2="0">
    <subfield code="a">RU</subfield>
    <subfield code="b">NLR</subfield>
    <subfield code="g">psbo</subfield>
  </datafield>
  <datafield tag="801" ind1=" " ind2="1">
    <subfield code="a">RU</subfield>
    <subfield code="b">ELAR</subfield>
    <subfield code="2">rusmarc</subfield>
  </datafield>
  <datafield tag="852" ind1=" " ind2=" ">
    <subfield code="a">NLR</subfield>
    <subfield code="j">95-3/4932</subfield>
  </datafield>
  <datafield tag="942" ind1=" " ind2=" ">
    <subfield code="c">BOOK</subfield>
  </datafield>
  <datafield tag="980" ind1=" " ind2=" ">
    <subfield code="a">NB</subfield>
  </datafield>
  <datafield tag="995" ind1=" " ind2=" ">
    <subfield code="5">2013-10-26</subfield>
    <subfield code="b">NLR01</subfield>
    <subfield code="c">NLR01</subfield>
    <subfield code="e">RF8</subfield>
    <subfield code="f">5344731-10</subfield>
    <subfield code="k">95-3/4932</subfield>
    <subfield code="o">0</subfield>
    <subfield code="r">BOOK</subfield>
    <subfield code="s">9534932_</subfield>
  </datafield>
</record>
